The great pianists /

Bibliographic Details
Main Author: Schonberg, Harold C.
Format: Book
Language:English
Published: New York : Simon & Schuster, [1987]
Edition:Rev. and updated.
Subjects:

MARC

Tag First Indicator Second Indicator Subfields
LEADER 00000cam a2200000 a 4500
001 in00000033434
005 20151007060624.0
008 870121s1987 nyuac 00110ceng
010 |a  87000341  
020 |a 0671642006 
020 |a 0671638378 (pbk.) 
035 |a (OCoLC)15196909 
035 |9 AAC1300AM 
040 |a DLC  |c DLC  |d TXA  |d UtOrBLW 
049 |a TXAM  |c [A11527347] 
050 0 0 |a ML397  |b .S3 1987 
082 0 |a 786.1/092/2  |a B  |2 19 
100 1 |a Schonberg, Harold C. 
245 1 4 |a The great pianists /  |c Harold C. Schonberg. 
250 |a Rev. and updated. 
264 1 |a New York :  |b Simon & Schuster,  |c [1987] 
264 4 |c ©1987 
300 |a 525 pages :  |b illustrations, portraits ;  |c 25 cm. 
336 |a text  |b txt  |2 rdacontent 
337 |a unmediated  |b n  |2 rdamedia 
338 |a volume  |b nc  |2 rdacarrier 
500 |a "A Fireside book." 
500 |a Includes index. 
650 0 |a Pianists  |v Biography. 
999 |a MARS 
999 f f |s a399a56a-1748-3233-b580-4e2714a6763c  |i 0867c332-9145-325b-b89a-09de2ef2bfea  |t 0 
952 f f |p ric  |a Texas A&M University  |b Rellis Campus  |c Joint Library Facility  |d Remote Storage  |t 0  |e ML397 .S3 1987  |h Library of Congress classification  |i unmediated -- volume  |m A14811527347 
998 f f |a ML397 .S3 1987  |t 0  |l Remote Storage